书目信息 |
| 题名: |
亡命天涯
|
|
| 作者: | 狄拉, 著 ;陈光明 编译 | |
| 分册: | ||
| 出版信息: | 深圳 海天出版社 1997.02 |
|
| 页数: | 201页, [6] 页图版 | |
| 开本: | 21cm | |
| 丛书名: | 世界电影大奖名片小说 | |
| 单 册: | ||
| 中图分类: | I712.45 | |
| 科图分类: | ||
| 主题词: | 长篇小说--chang pian xiao shuo--美国--现代 | |
| 电子资源: | ||
| ISBN: | 7-80615-471-X | |
| 000 | 00959nam 2200265 450 | |
| 001 | 012008024360 | |
| 005 | 20080323133834.45 | |
| 010 | @a7-80615-471-X@dCNY12.80 | |
| 100 | @a20080322d1997 km y0chiy0120 ea | |
| 101 | 0 | @achi@ceng |
| 102 | @aCN@b440000 | |
| 105 | @aaf z 000ay | |
| 106 | @ar | |
| 200 | 1 | @a亡命天涯@Awang ming tian ya@f(美) 得尔·狄拉著@F(mei)de er·di la zhu@g陈光明编译@Gchen guang ming bian yi |
| 210 | @a深圳@c海天出版社@d1997.02 | |
| 215 | @a201页, [6] 页图版@d21cm | |
| 225 | 2 | @a世界电影大奖名片小说@Ashi jie dian ying da jiang ming pian xiao shuo |
| 330 | @a一位正直的外科医生,突遭连环打击;爱妻被人谋杀,自己又涉嫌杀妻被控一级谋杀罪………… | |
| 410 | 0 | @12001 @a世界电影大奖名片小说 |
| 606 | 0 | @a长篇小说@Achang pian xiao shuo@y美国@z现代 |
| 690 | @aI712.45@v4 | |
| 701 | 1 | @a狄拉,@Adi la,@b得尔@4著 |
| 702 | 0 | @a陈光明@Achen guang ming@4编译 |
| 801 | 0 | @aCN@bQSSK@c20080323 |
| 905 | @b20290740-43@dI712.45@eD359@f4 | |
| 亡命天涯/(美) 得尔·狄拉著/陈光明编译.-深圳:海天出版社,1997.02 |
| 201页, [6] 页图版;21cm.-(世界电影大奖名片小说) |
| ISBN 7-80615-471-X:CNY12.80 |
| 一位正直的外科医生,突遭连环打击;爱妻被人谋杀,自己又涉嫌杀妻被控一级谋杀罪………… |
| ● |
| 相关链接 |
|
|
|
正题名:亡命天涯
索取号:I712.45/D359
 
预约/预借
| 序号 | 登录号 | 条形码 | 馆藏地/架位号 | 状态 | 备注 |
| 1 | 290740 | 202907408 | 文学库116/116文学库 26排4列4层/ [索取号:I712.45/D359] | 在馆 | |
| 2 | 290741 | 202907417 | 社科二线400B/400B社科库 5排1列6层/ [索取号:I712.45/D359] | 在馆 | |
| 3 | 290742 | 202907426 | 社科二线422/116文学库 26排4列4层/ [索取号:I712.45/D359] | 在馆 | |
| 4 | 290743 | 202907435 | 文学库116/116文学库 26排4列4层/ [索取号:I712.45/D359] | 在馆 |